000 00735nam a2200289Ia 4500
005 20260324130712.0
008 008 260324s9999 xx 000 0 eng d
020 _a9781849775915
037 _aEBOOK
040 _aCRL
040 _beng
040 _cCRL
041 _2eng
041 _aeng
084 _qCRL
100 _aRudolf Richter; Chris Wilson; Wolfgang Lutz
_91182778
245 4 _aThe New Generations of Europeans
245 0 _bDemography and Families in the Enlarged European Union
260 _bTaylor and Francis
260 _c2007
365 _a
365 _b150
856 _uhttp://www.taylorfrancis.com/books/9781849775915
942 _cEBOOK
999 _c1779173
_d1779173